000 00978nam a2200289 i 4500
003 EG-GICUC
005 20260428175351.0
008 260428s1884 fr |||fr|||| 00| 0 fre d
040 _aEG-GiCUC
_bfre
_cEG-GiCUC
_dEG-GiCUC
_eRda
082 0 4 _221
_a343.3043
_bCO
092 0 4 _221
099 _aLaw1 10 343.3043 CO 1884
245 0 0 _aCode De Procédure Pénale Allemand /
_cTraduit Et Annoté Par Fernand Daguin.
264 3 _aParis :
_bImprimerie Nationale,
_c1884.
300 _a404 page ;
_c 24 cm.
_billustration ;
336 _2rda contenu
_a texte
337 _2rda medias
_aOrdinateur
338 _2 transporteur rda
_a Ressource en ligne
504 _aBibliography: pages 200-250. 240-220
650 1 _aDroit De Procédure Pénale
_yAllemagne
_2qrmak
650 1 _aDroit Do Pénal
_2qrmak
651 1 _2qrmak
700 1 _aDaguin, Fernand
_eTraducteur
856 4 0 _uhttps://fll.law.cu.edu.eg/fulltext/bks/B10-10284.pdf
905 _a54
942 _2ddc
_cBK
_e21
_n0
999 _c73940
_d73940